Logo BPK

Biblioteka

Politechniki Koszalińskiej

Kieszonkowy słownik francusko-polski, polsko-francuski / (Rekord nr 29660)

Szczegóły MARC
000 -ETYKIETA REKORDU
podpole kontrolne o stałej długości 00522nam a2200181 i 4500
001 - NUMER KONTROLNY REKORDU
pole kontrolne bg
040 ## - ŹRÓDŁO KATALOGOWANIA
Instytucja, która utworzyła rekord BPK
041 ## - KOD JĘZYKA
Kod języka tekstu pol
008 - POLE O STAŁEJ DŁUGOŚCI - DANE KONTROLNE
podpole kontrolne o stałej długości s pl f |000 0 pol
100 1# - NAZWA OSOBOWA
Nazwa osobowa JEDLIŃSKA, Anna.
245 #0 - TYTUŁ/ODPOWIEDZIALNOŚĆ
Tytuł Kieszonkowy słownik francusko-polski, polsko-francuski /
Pozostałe elementy strefy tytułu i oznaczenia odpowiedzialności A. Jedlińska, L. Szwykowski, J. Tomalak.
260 ## - STREFA ADRESU WYDAWNICZEGO
Miejsce wydania Warszawa,
Data publikacji, dystrybucji/powstania dokumentu 1984.
650 #4 - HASŁO PRZEDMIOTOWE W FORMIE NAZWY OGÓLNEJ LUB JEDNOSTKOWEJ
Nazwa ogólna lub geograficzna Słowniki francusko-polskie
650 #4 - HASŁO PRZEDMIOTOWE W FORMIE NAZWY OGÓLNEJ LUB JEDNOSTKOWEJ
Nazwa ogólna lub geograficzna Słowniki polsko-francuskie
700 1# - HASŁO DODATKOWE - NAZWA OSOBOWA
Nazwa osobowa SZWYKOWSKI, Ludwik.
700 1# - HASŁO DODATKOWE - NAZWA OSOBOWA
Nazwa osobowa TOMALAK, Jerzy.
856 ## - LOKALIZACJA I DOSTĘP DO ELEKTRONICZNYCH DOKUMENTÓW ZDALNYCH
Link (URL) http://koha.tu.koszalin.pl/cgi-bin/koha/opac-detail.pl?biblionumber=29660
Tekst linku Katalog online BPK
942 ## - DODATKOWE ELEMENTY (KOHA)
Typ dokumentu Książka
Egzemplarze
Wycofany Status egzemplarza Uszkodzony Dostępność Lokalizacja stała Lokalizacja bieżąca Miejsce przechowywania Sygnatura Kod kreskowy Typ dokumentu
      Tylko na miejscu Biblioteka Politechniki Koszalińskiej Biblioteka Politechniki Koszalińskiej Czytelnia Wydziałowa ul. Kwiatkowskiego 6e 35913 01882971 Książka
© 2023 Biblioteka Politechniki Koszalińskiej :: KOHA